000 00399 a2200169 4500
001 74506
020 _a852623583-4
040 _cAnchieta - Colégio São Paulo
100 _aParker, Steve
240 1 0 _aPasteur e os Microrganismos
_lpor
245 1 0 _aPasteur e os Microrganismos
300 _a32
362 0 _a1999
440 1 _aScipione
650 4 _aCiência da vida - Biologia
942 _cBK
999 _c74506
_d74506